| 000 | 00424nam a2200181Ia 4500 | ||
|---|---|---|---|
| 001 | 7758 | ||
| 005 | 20260306160519.0 | ||
| 008 | 260306t2003||||xx |||||||||||||| ||spa|| | ||
| 041 | _aESP | ||
| 082 |
_a361.32 _bT36 |
||
| 100 |
_aPontificia Universidad Católica del Perú _eAUT |
||
| 245 | 0 | _aTemas de desarrollo humano | |
| 260 | _c2003 | ||
| 300 |
_a _c |
||
| 650 | _aGEN | ||
| 654 | _aCAN | ||
| 942 |
_cLIB _dJUS _fJUS _2ddc _n |
||
| 999 |
_c7758 _d7758 |
||